Multiple Choice City Quiz – Gotham City - Statistics

General Stats
  • This quiz has been taken 71 times
  • The average score is 8 of 10
Answer Stats
Question Answer % Correct
What asylum for the criminally insane is probably the most expensive prison in the USA? Arkham Asylum
93%
What criminal briefly took over the entire city, allegedly trapping the entire police force in the sewers? Bane
93%
What Gotham District Attorney suffered an acid attack, badly scarring half his face? Harvey Dent
91%
What lawmaker gained national attention for allegedly working with vigilantes? Commissioner Gordon
87%
In what state would you find Gotham City? New Jersey
87%
What late philanthropist helped fund Gotham Rail, among many other civic projects? Thomas Wayne
78%
What popular nightclub is operated by Oswald Cobblepot? The Iceberg Lounge
74%
Gotham is one of the biggest American cities founded by people working for Dutch traders—what’s the other one? New York
72%
What are residents of Gotham called? Gothamites
71%
Which of these architecture styles makes up most of Gotham’s historical skyline? Art Deco
46%
No matching quizzes found
Score Distribution
Percent of People with Each Score
Percentile by Number Answered
Your Score History
You have not taken this quiz